[Event "ARG-ch sf 93rd"]
[Site "Buenos Aires"]
[Date "2018.05.20"]
[Round "2"]
[White "Nejanky, Maisa"]
[Black "Garcia, Raimundo"]
[Result "0-1"]
[WhiteElo "2012"]
[BlackElo "2271"]
[PlyCount "72"]
[EventDate "2018.05.19"]
[EventType "swiss"]
[EventRounds "9"]
[EventCountry "ARG"]
[SourceTitle "CBM 184 Extra"]
[Source "ChessBase"]
[SourceDate "2018.06.28"]
[SourceVersion "1"]
[SourceVersionDate "2018.06.28"]
[SourceQuality "1"]

1. e4 d6 2. d4 Nf6 3. Nc3 g6 4. f4 Bg7 5. Nf3 c5 6. dxc5 Qa5 7. Bd3 Qxc5 8. Qe2 Nc6 9. Be3 Qh5 10. h3 0-0 11. 0-0-0 Qa5 12. Kb1 Nd7 13. Nd5 Nc5 14. Bd2 Qd8 15. Bc3 Bxc3 16. Nxc3 Nxd3 17. Rxd3 Be6 18. Nd5 Rc8 19. c3 Na5 20. g4 Nc4 21. Rd4 Bxd5 22. exd5 b5 23. h4 Qd7 24. Ng5 h6 25. f5 hxg5 26. hxg5 Kg7 27. f6+ exf6 28. gxf6+ Kxf6 29. Rh7 Ne5 30. Re4 Ke7 31. Rxe5+ dxe5 32. Qxe5+ Kd8 33. d6 Rc6 34. Qg5+ Kc8 35. Qxb5 Rxd6 36. Qc5+ Qc7 0-1

[Event "Caba Legislatura Cup"]
[Site "Caba"]
[Date "2018.04.09"]
[Round "4"]
[White "Dolezal, Cristian"]
[Black "Garcia, Raimundo"]
[Result "1-0"]
[WhiteElo "2411"]
[BlackElo "2268"]
[PlyCount "105"]
[EventDate "2018.04.06"]
[EventType "swiss"]
[EventRounds "9"]
[EventCountry "ARG"]
[SourceTitle "CBM 184 Extra"]
[Source "ChessBase"]
[SourceDate "2018.06.28"]
[SourceVersion "1"]
[SourceVersionDate "2018.06.28"]
[SourceQuality "1"]

1. d4 Nf6 2. c4 c5 3. d5 e5 4. Nc3 d6 5. e4 g6 6. g3 Bg7 7. h4 Nbd7 8. Be2 a6 9. a4 Qc7 10. a5 h5 11. Nh3 Nh7 12. Kf1 Ndf6 13. Kg2 Bxh3+ 14. Rxh3 Nf8 15. Bg5 N8d7 16. Qd2 Ng8 17. Bd1 Bh6 18. Ba4 f6 19. Bxd7+ Qxd7 20. Bxh6 Nxh6 21. b4 cxb4 22. Na4 Rd8 23. Qxb4 Ng4 24. Nb6 Qf7 25. Qa4+ Kf8 26. f3 Nh6 27. c5 dxc5 28. Rc1 Qe7 29. Rhh1 Nf7 30. Qa3 Nd6 31. Rxc5 Rh7 32. Rhc1 Rf7 33. R5c2 Kg7 34. Na4 Nb5 35. Qxe7 Rxe7 36. Nc5 Kf7 37. Ne6 Rxe6 38. dxe6+ Kxe6 39. Rf2 Rd4 40. Rc8 Ra4 41. Rd2 Nd4 42. Rc7 Rb4 43. Rg7 Rb3 44. f4 Re3 45. Rxb7 Rxe4 46. Rb6+ Kf5 47. fxe5 Kxe5 48. Rxa6 g5 49. Ra8 gxh4 50. Re8+ Ne6 51. a6 Kf5 52. Rf2+ Kg6 53. Rg8+ 1-0

[Event "Caba Legislatura Cup"]
[Site "Caba"]
[Date "2018.04.07"]
[Round "2"]
[White "Garcia, Raimundo"]
[Black "Lupis, Federico"]
[Result "1-0"]
[WhiteElo "2268"]
[BlackElo "1954"]
[PlyCount "63"]
[EventDate "2018.04.06"]
[EventType "swiss"]
[EventRounds "9"]
[EventCountry "ARG"]
[SourceTitle "CBM 184 Extra"]
[Source "ChessBase"]
[SourceDate "2018.06.28"]
[SourceVersion "1"]
[SourceVersionDate "2018.06.28"]
[SourceQuality "1"]

1. Nf3 g6 2. g3 Bg7 3. Bg2 d6 4. c4 Nf6 5. d4 0-0 6. 0-0 c6 7. b3 Nbd7 8. Bb2 Qc7 9. Nc3 e5 10. Qc2 Re8 11. Rac1 exd4 12. Nxd4 Nc5 13. Rfd1 Bd7 14. h3 Rad8 15. e3 Ne6 16. Nxe6 Bxe6 17. e4 Nd7 18. Na4 Nb6 19. Bxg7 Kxg7 20. Qc3+ f6 21. Qa5 Qc8 22. Nxb6 axb6 23. Qxb6 Bxh3 24. Bxh3 Qxh3 25. Qxb7+ Rd7 26. Qxc6 Re5 27. Rd5 Rxe4 28. Rb5 Re2 29. Rb7 Rxb7 30. Qxb7+ Kh6 31. Qf3 Rxa2 32. Qxf6 1-0

[Event "Villa Martelli op-A 21st"]
[Site "Villa Martelli"]
[Date "2014.11.15"]
[Round "8"]
[White "Garcia, Raimundo"]
[Black "Sica, Mauro"]
[Result "1/2-1/2"]
[WhiteElo "2320"]
[BlackElo "1978"]
[PlyCount "72"]
[EventDate "2014.11.07"]
[EventType "swiss"]
[EventRounds "9"]
[EventCountry "ARG"]
[SourceTitle "CBM 163 Extra"]
[Source "ChessBase"]
[SourceDate "2014.12.23"]
[SourceVersion "1"]
[SourceVersionDate "2014.12.23"]
[SourceQuality "1"]

1. d4 f5 2. c4 d6 3. Nc3 Nf6 4. g3 g6 5. Bg2 Bg7 6. Nf3 0-0 7. 0-0 c6 8. d5 Kh8 9. Bf4 Nh5 10. Be3 e5 11. dxe6 Bxe6 12. c5 d5 13. Bd4 Nf6 14. e3 Nbd7 15. Ne2 Bg8 16. Nf4 Ne4 17. Rc1 Bxd4 18. Qxd4+ Qf6 19. Nd3 Rfe8 20. Rfe1 Kg7 21. Qxf6+ Nexf6 22. Nd4 Ne5 23. Nxe5 Rxe5 24. f3 Re7 25. h3 Nd7 26. Rc3 Rae8 27. Kf2 h6 28. Rec1 Bh7 29. Bf1 Nf8 30. Ra3 a6 31. Rb3 Bg8 32. Rcc3 Ne6 33. Rb4 Nxd4 34. exd4 Be6 35. Rd3 Kf6 36. f4 Bg8 1/2-1/2

[Event "Villa Martelli op-A 21st"]
[Site "Villa Martelli"]
[Date "2014.11.10"]
[Round "4"]
[White "Garcia, Raimundo"]
[Black "Aparicio, Anibal"]
[Result "0-1"]
[WhiteElo "2320"]
[BlackElo "2180"]
[PlyCount "92"]
[EventDate "2014.11.07"]
[EventType "swiss"]
[EventRounds "9"]
[EventCountry "ARG"]
[SourceTitle "CBM 163 Extra"]
[Source "ChessBase"]
[SourceDate "2014.12.23"]
[SourceVersion "1"]
[SourceVersionDate "2014.12.23"]
[SourceQuality "1"]

1. c4 c5 2. Nc3 Nc6 3. Nf3 g6 4. e3 Bg7 5. d4 d6 6. Be2 Nh6 7. d5 Ne5 8. Nxe5 dxe5 9. e4 f5 10. Be3 b6 11. f3 Nf7 12. a3 Bd7 13. b4 Rc8 14. bxc5 bxc5 15. 0-0 0-0 16. Qd3 Nd6 17. Rfb1 f4 18. Bf2 g5 19. g4 h5 20. h3 hxg4 21. hxg4 a6 22. Bd1 Qa5 23. Bb3 Rf6 24. Qc2 Kf7 25. Ba4 Bxa4 26. Nxa4 Rh6 27. Kg2 Rch8 28. Rh1 Rxh1 29. Rxh1 Rxh1 30. Kxh1 Nb7 31. Kg2 Bf8 32. Kf1 e6 33. Be1 Qc7 34. Bc3 Bd6 35. Nb2 Nd8 36. Nd3 Kf6 37. Ke2 Nb7 38. Qb2 Ke7 39. Kd1 exd5 40. exd5 Qd7 41. Bxe5 Qa4+ 42. Kd2 Bxe5 43. Nxe5 Nd6 44. Qc3 Ke8 45. Qd3 Kf8 46. Ke2 Qe8 0-1

[Event "Buenos Aires Duchamp Boca op 3rd"]
[Site "Buenos Aires"]
[Date "2013.06.28"]
[Round "8"]
[White "Garcia, Raimundo"]
[Black "Flores, Diego"]
[Result "1-0"]
[WhiteElo "2310"]
[BlackElo "2594"]
[PlyCount "69"]
[EventDate "2013.06.20"]
[EventType "swiss"]
[EventRounds "9"]
[EventCountry "ARG"]
[SourceTitle "CBM 155 Extra"]
[Source "ChessBase"]
[SourceDate "2013.08.26"]
[SourceVersion "1"]
[SourceVersionDate "2013.08.26"]
[SourceQuality "1"]

1. Nf3 c5 2. e4 e6 3. d4 cxd4 4. Nxd4 a6 5. Nd2 d6 6. g3 Nf6 7. Bg2 Be7 8. 0-0 0-0 9. a4 Nc6 10. Nxc6 bxc6 11. b3 Qc7 12. Bb2 a5 13. Re1 d5 14. Bf1 Rd8 15. Qf3 Bb7 16. Bd3 Nd7 17. exd5 e5 18. Bxh7+ Kxh7 19. Qxf7 Bf6 20. Ne4 Qb6 21. Re3 cxd5 22. g4 Qxe3 23. Nxf6+ Nxf6 24. fxe3 Rd7 25. Qe6 Ra6 26. Qf5+ Kg8 27. Bxe5 Re7 28. g5 Nd7 29. Bd4 Rae6 30. Rf1 Ne5 31. h4 Ba6 32. Rf2 Re8 33. h5 Bc8 34. Qf4 R6e7 35. g6 1-0

[Event "Buenos Aires Duchamp Boca op 3rd"]
[Site "Buenos Aires"]
[Date "2013.06.24"]
[Round "4"]
[White "Hernandez Guerrero, Gilberto Eduardo"]
[Black "Garcia, Raimundo"]
[Result "1/2-1/2"]
[WhiteElo "2523"]
[BlackElo "2310"]
[PlyCount "59"]
[EventDate "2013.06.20"]
[EventType "swiss"]
[EventRounds "9"]
[EventCountry "ARG"]
[SourceTitle "CBM 155 Extra"]
[Source "ChessBase"]
[SourceDate "2013.08.26"]
[SourceVersion "1"]
[SourceVersionDate "2013.08.26"]
[SourceQuality "1"]

1. e4 c6 2. d4 d5 3. f3 e6 4. Nc3 Bb4 5. Bf4 Nf6 6. Qd3 0-0 7. Nge2 b6 8. a3 Ba6 9. Qe3 Be7 10. 0-0-0 Nbd7 11. g4 Bc4 12. h4 b5 13. e5 Ne8 14. Bg5 a5 15. f4 b4 16. Nb1 Rb8 17. f5 Nb6 18. axb4 axb4 19. b3 Ra8 20. Nf4 Bxf1 21. Rdxf1 Nc4 22. bxc4 dxc4 23. Nh5 exf5 24. gxf5 f6 25. exf6 Nxf6 26. Rhg1 Rf7 27. Re1 c3 28. Nf4 Ra1 29. Ng6 hxg6 30. fxg6 1/2-1/2

[Event "Buenos Aires Duchamp Memorial op 4th"]
[Site "Buenos Aires"]
[Date "2012.10.27"]
[Round "5"]
[White "Gras, Carlos"]
[Black "Garcia, Raimundo"]
[Result "0-1"]
[WhiteElo "1994"]
[BlackElo "2325"]
[PlyCount "79"]
[EventDate "2012.10.22"]
[EventType "swiss"]
[EventRounds "9"]
[EventCountry "ARG"]
[SourceTitle "EXT 2013"]
[Source "ChessBase"]
[SourceDate "2012.11.22"]
[SourceVersion "1"]
[SourceVersionDate "2012.11.22"]
[SourceQuality "1"]

1. d4 Nf6 2. c4 c5 3. d5 e5 4. Nc3 d6 5. e4 g6 6. Be2 Bg7 7. Nf3 0-0 8. Bg5 h6 9. Bh4 Qc7 10. Nd2 a6 11. g4 Nbd7 12. a4 Nh7 13. Nf1 Ndf6 14. Ne3 Ng5 15. Bxg5 hxg5 16. h4 gxh4 17. Rxh4 Nh7 18. Qd2 Bf6 19. Rh2 Bg5 20. Qd3 Kg7 21. Nf5+ Bxf5 22. Rxh7+ Kxh7 23. exf5 Kg7 24. Ne4 Qe7 25. Kd1 Rh8 26. Kc2 Rh2 27. Rg1 Rah8 28. f6+ Bxf6 29. g5 Bxg5 30. Nxg5 Rxf2 31. Ne4 Rf4 32. Ng3 Kg8 33. Qe3 Rh3 34. Bf1 Rh2+ 35. Rg2 Rxg2+ 36. Bxg2 Qg5 37. Kb1 Rg4 38. Qxg5 Rxg5 39. Ne4 Rxg2 40. Nxd6 0-1

[Event "Buenos Aires Duchamp Memorial op 4th"]
[Site "Buenos Aires"]
[Date "2012.10.22"]
[Round "1"]
[White "Bourgeois, William"]
[Black "Garcia, Raimundo"]
[Result "1-0"]
[WhiteElo "1940"]
[BlackElo "2325"]
[PlyCount "85"]
[EventDate "2012.10.22"]
[EventType "swiss"]
[EventRounds "9"]
[EventCountry "ARG"]
[SourceTitle "EXT 2013"]
[Source "ChessBase"]
[SourceDate "2012.11.22"]
[SourceVersion "1"]
[SourceVersionDate "2012.11.22"]
[SourceQuality "1"]

1. d4 Nf6 2. c4 c5 3. Nf3 g6 4. Bg5 Bg7 5. Nc3 cxd4 6. Nxd4 0-0 7. Qd2 Nc6 8. e3 Qa5 9. Bh4 d6 10. Be2 Bd7 11. 0-0 Rfc8 12. Rfd1 a6 13. Bxf6 Bxf6 14. Nd5 Qxd2 15. Nxf6+ Kg7 16. Nh5+ gxh5 17. Rxd2 Kh6 18. Rad1 Rab8 19. Nb3 Bg4 20. f3 Be6 21. Nd4 Nxd4 22. Rxd4 Rc5 23. b3 Ra5 24. R1d2 Ra3 25. Rh4 Ra5 26. g4 Kg7 27. h3 Rh8 28. f4 hxg4 29. hxg4 f5 30. Rh5 b6 31. b4 Ra4 32. gxf5 Bf7 33. Rg5+ Kf6 34. Rb2 Rc8 35. Bd1 Ra3 36. Bb3 h6 37. Rg3 Kxf5 38. Rh2 Rg8 39. Rxg8 Bxg8 40. Rxh6 Ke4 41. Rg6 Bxc4 42. Bxc4 Kxe3 43. Rg3+ 1-0

[Event "Paraguay"]
[Site "Paraguay"]
[Date "2012.04.07"]
[Round "8"]
[White "Salinas Herrera, Pablo Patricio"]
[Black "Garcia, Raimundo"]
[Result "1-0"]
[WhiteElo "2366"]
[BlackElo "2338"]
[PlyCount "89"]
[EventDate "2012.04.02"]
[EventType "tourn"]
[EventRounds "9"]
[EventCountry "PAR"]
[EventCategory "3"]
[SourceTitle "CBM 147 Extra"]
[Source "ChessBase"]
[SourceDate "2012.04.24"]
[SourceVersion "1"]
[SourceVersionDate "2012.04.24"]
[SourceQuality "1"]

1. e4 c5 2. Nf3 Nc6 3. d4 cxd4 4. Nxd4 g6 5. c4 Bg7 6. Be3 Nh6 7. Nc3 0-0 8. Be2 f5 9. exf5 Bxd4 10. Bxd4 Nxf5 11. Bc5 d6 12. Ba3 Nfd4 13. 0-0 Bf5 14. Rc1 Qd7 15. Nd5 Rf7 16. b3 Raf8 17. Bb2 e5 18. Ne3 Be6 19. Bd3 Rf4 20. f3 Qg7 21. Qd2 Rh4 22. Rf2 Rhf4 23. b4 g5 24. b5 Ne7 25. Rcf1 b6 26. Be4 Rc8 27. g3 Rff8 28. Qd3 Bh3 29. Rd1 Ne6 30. Qxd6 Rfd8 31. Qxe5 Rxd1+ 32. Nxd1 Qxe5 33. Bxe5 Rxc4 34. Rc2 Rxc2 35. Bxc2 Nc5 36. g4 Nd5 37. Nf2 Bf1 38. Bxh7+ Kxh7 39. Kxf1 Nb4 40. Ke2 Nxa2 41. Nd3 Nxd3 42. Kxd3 a6 43. bxa6 Nb4+ 44. Kc4 Nxa6 45. Bd6 1-0

[Event "Paraguay"]
[Site "Paraguay"]
[Date "2012.04.06"]
[Round "6"]
[White "Delgado Ramirez, Neuris"]
[Black "Garcia, Raimundo"]
[Result "1/2-1/2"]
[WhiteElo "2587"]
[BlackElo "2338"]
[PlyCount "102"]
[EventDate "2012.04.02"]
[EventType "tourn"]
[EventRounds "9"]
[EventCountry "PAR"]
[EventCategory "3"]
[SourceTitle "CBM 147 Extra"]
[Source "ChessBase"]
[SourceDate "2012.04.24"]
[SourceVersion "1"]
[SourceVersionDate "2012.04.24"]
[SourceQuality "1"]

1. e4 c5 2. Nf3 e6 3. Nc3 a6 4. g3 b5 5. Bg2 Bb7 6. d3 d6 7. 0-0 Nc6 8. Ng5 Nf6 9. f4 h6 10. Nh3 b4 11. Ne2 Qb6 12. Nf2 Be7 13. Be3 Qc7 14. a3 d5 15. e5 d4 16. Bd2 Nd5 17. axb4 cxb4 18. Bxd5 exd5 19. Kg2 h5 20. Ng1 Bc5 21. Nf3 Ne7 22. Nh4 Bc8 23. Qf3 g6 24. Rfe1 Qc6 25. b3 a5 26. h3 Be6 27. Ra2 Kd7 28. Rea1 Bb6 29. Rh1 Kc7 30. g4 hxg4 31. hxg4 Qd7 32. Qg3 Kb7 33. Nf3 Rxh1 34. Kxh1 Bc5 35. Kg2 a4 36. bxa4 Rxa4 37. Rb2 Nc6 38. Ng5 Kb6 39. Qh3 Ra1 40. Qh7 Qa7 41. Nxe6 fxe6 42. Qxa7+ Kxa7 43. Kf3 Ka6 44. Ke2 Ka5 45. Nh3 Be7 46. f5 exf5 47. gxf5 gxf5 48. Nf4 Rh1 49. Nxd5 Rh2+ 50. Kd1 Rh1+ 51. Ke2 Rh2+ 1/2-1/2

[Event "Paraguay"]
[Site "Paraguay"]
[Date "2012.04.05"]
[Round "5"]
[White "Garcia, Raimundo"]
[Black "Peralta, Eduardo"]
[Result "1-0"]
[WhiteElo "2338"]
[BlackElo "2265"]
[PlyCount "77"]
[EventDate "2012.04.02"]
[EventType "tourn"]
[EventRounds "9"]
[EventCountry "PAR"]
[EventCategory "3"]
[SourceTitle "CBM 147 Extra"]
[Source "ChessBase"]
[SourceDate "2012.04.24"]
[SourceVersion "1"]
[SourceVersionDate "2012.04.24"]
[SourceQuality "1"]

1. d4 Nf6 2. c4 g6 3. Nc3 Bg7 4. e4 d6 5. Be2 0-0 6. Nf3 c5 7. 0-0 cxd4 8. Nxd4 Nc6 9. Be3 Bd7 10. Rc1 Nxd4 11. Bxd4 Bc6 12. f3 a5 13. b3 Nd7 14. Bxg7 Kxg7 15. Qd4+ Kg8 16. Rfd1 Nc5 17. e5 Qb6 18. exd6 exd6 19. Rb1 Rfe8 20. Bf1 Re6 21. a3 Qa7 22. b4 Na4 23. Qxa7 Rxa7 24. Nxa4 Bxa4 25. Rd2 Re3 26. Rxd6 Rxa3 27. Rd8+ Kg7 28. b5 b6 29. c5 Rb3 30. Rxb3 Bxb3 31. cxb6 Rb7 32. Ra8 Rxb6 33. Rxa5 Bd5 34. Kf2 Re6 35. Ra7 h5 36. h4 Kf8 37. Rd7 Bb3 38. Rd3 Bc4 39. Rd8+ 1-0

[Event "Paraguay"]
[Site "Paraguay"]
[Date "2012.04.04"]
[Round "3"]
[White "Garcia, Raimundo"]
[Black "Villalba, Marcelo"]
[Result "1/2-1/2"]
[WhiteElo "2338"]
[BlackElo "2213"]
[PlyCount "75"]
[EventDate "2012.04.02"]
[EventType "tourn"]
[EventRounds "9"]
[EventCountry "PAR"]
[EventCategory "3"]
[SourceTitle "CBM 147 Extra"]
[Source "ChessBase"]
[SourceDate "2012.04.24"]
[SourceVersion "1"]
[SourceVersionDate "2012.04.24"]
[SourceQuality "1"]

1. c4 Nf6 2. Nc3 c6 3. e4 d5 4. exd5 cxd5 5. d4 Nc6 6. Nf3 Bg4 7. Be3 e6 8. c5 e5 9. Be2 e4 10. Ne5 Bxe2 11. Qxe2 Nd7 12. Nxd7 Qxd7 13. f3 exf3 14. Qxf3 Be7 15. 0-0 0-0-0 16. Qxf7 Ne5 17. dxe5 d4 18. c6 bxc6 19. e6 Qb7 20. Bf4 Rhf8 21. Qh5 dxc3 22. bxc3 Rd5 23. Qe2 Rdf5 24. Be3 c5 25. Rxf5 Rxf5 26. Rd1 Rd5 27. c4 Rxd1+ 28. Qxd1 Qc6 29. Qd5 Kb7 30. Kf1 g5 31. Ke2 Kc7 32. Kf3 Qe8 33. Bxc5 Qf8+ 34. Ke4 Bxc5 35. Qd7+ Kb6 36. Qb5+ Kc7 37. Qd7+ Kb6 38. Qb5+ 1/2-1/2

[Event "Paraguay"]
[Site "Paraguay"]
[Date "2012.04.02"]
[Round "1"]
[White "Garcia, Raimundo"]
[Black "Vazquez, Guillermo"]
[Result "0-1"]
[WhiteElo "2338"]
[BlackElo "2296"]
[PlyCount "74"]
[EventDate "2012.04.02"]
[EventType "tourn"]
[EventRounds "9"]
[EventCountry "PAR"]
[EventCategory "3"]
[SourceTitle "CBM 147 Extra"]
[Source "ChessBase"]
[SourceDate "2012.04.24"]
[SourceVersion "1"]
[SourceVersionDate "2012.04.24"]
[SourceQuality "1"]

1. Nf3 f5 2. g3 Nf6 3. Bg2 g6 4. 0-0 Bg7 5. d4 0-0 6. b3 d6 7. Bb2 c6 8. Nbd2 a5 9. a3 Na6 10. Re1 Qc7 11. c4 Re8 12. e4 fxe4 13. Nxe4 Nxe4 14. Rxe4 e5 15. dxe5 dxe5 16. Qe2 Nc5 17. Bxe5 Bxe5 18. Rxe5 Rxe5 19. Nxe5 Nxb3 20. Rd1 Bf5 21. Qe3 a4 22. Be4 Re8 23. f4 Bxe4 24. Qxe4 Qe7 25. Qd3 Qxa3 26. Ng4 Qf8 27. Qc3 Re6 28. Rd8 Re1+ 29. Kf2 Qxd8 30. Nh6+ Kf8 31. Qh8+ Ke7 32. Qxh7+ Ke6 33. Qxg6+ Kd7 34. Kxe1 Qe8+ 35. Qxe8+ Kxe8 36. Nf5 a3 37. Ne3 Nd4 0-1

[Event "Pan American-ch Seniors 2nd"]
[Site "Mar del Plata"]
[Date "2011.08.01"]
[Round "5"]
[White "Garcia, Raimundo"]
[Black "Van Riemsdijk, Herman Claudius"]
[Result "1/2-1/2"]
[WhiteElo "2316"]
[BlackElo "2403"]
[PlyCount "178"]
[EventDate "2011.07.28"]
[EventType "swiss"]
[EventRounds "7"]
[EventCountry "ARG"]
[SourceTitle "EXT 2022"]
[Source "ChessBase"]
[SourceDate "2021.10.06"]
[SourceVersion "1"]
[SourceVersionDate "2021.10.06"]
[SourceQuality "1"]

1. Nf3 d5 2. c4 d4 3. g3 Nc6 4. Bg2 e5 5. 0-0 Nf6 6. d3 a5 7. e3 dxe3 8. Bxe3 Be7 9. Nc3 0-0 10. h3 h6 11. d4 exd4 12. Nxd4 Nxd4 13. Qxd4 Qxd4 14. Bxd4 Be6 15. b3 Rad8 16. Rad1 Nd7 17. Ne2 Bc5 18. Bb2 Nb8 19. Nf4 Bc8 20. Nh5 f6 21. Bd5+ Kh7 22. Nf4 c6 23. Be6 Rxd1 24. Rxd1 Re8 25. Bf7 Rf8 26. Bg6+ Kg8 27. Kg2 Na6 28. Re1 Rd8 29. Bc3 Bb4 30. Bxb4 Nxb4 31. Re7 Kf8 32. Rf7+ Kg8 33. Re7 Kf8 34. Re2 Na6 35. Bh5 Nc7 36. Ng6+ Kg8 37. Re7 Ne8 38. c5 f5 39. Nf4 Nf6 40. Bf7+ Kh8 41. Rc7 Ne4 42. Be6 Bxe6 43. Nxe6 Rd2 44. Rxb7 Rxf2+ 45. Kg1 Rxa2 46. Rc7 Rb2 47. Nxg7 Nxg3 48. Ne8 Ne4 49. Rxc6 Rxb3 50. Rxh6+ Kg8 51. Ra6 Rxh3 52. c6 Rc3 53. c7 Kh7 54. Rxa5 Nd6 55. Nxd6 Rxc7 56. Nxf5 Rc2 57. Ne3 Rb2 58. Ng2 Kg6 59. Kh2 Kf6 60. Kg3 Ke6 61. Nf4+ Kd6 62. Kf3 Rb1 63. Ke4 Rh1 64. Kd4 Kc6 65. Rc5+ Kd6 66. Rf5 Rd1+ 67. Nd3 Ke6 68. Rf3 Rd2 69. Re3+ Kf5 70. Kd5 Ra2 71. Rf3+ Kg5 72. Nc5 Ra5 73. Kd4 Kg4 74. Rf8 Ra1 75. Ke5 Ra5 76. Rf4+ Kg3 77. Rc4 Kf3 78. Rc2 Rb5 79. Kd4 Rb4+ 80. Kd3 Rb6 81. Ne4 Rb3+ 82. Nc3 Kf4 83. Re2 Kf3 84. Re1 Kf4 85. Kc4 Ra3 86. Kd4 Kf5 87. Re5+ Kg6 88. Rc5 Ra8 89. Rd5 Ra1 1/2-1/2

[Event "Pan American-ch Seniors 2nd"]
[Site "Mar del Plata"]
[Date "2011.07.30"]
[Round "3"]
[White "Garcia, Raimundo"]
[Black "Baeta, Marcio Netto"]
[Result "1-0"]
[WhiteElo "2316"]
[BlackElo "2162"]
[PlyCount "85"]
[EventDate "2011.07.28"]
[EventType "swiss"]
[EventRounds "7"]
[EventCountry "ARG"]
[SourceTitle "EXT 2022"]
[Source "ChessBase"]
[SourceDate "2021.10.06"]
[SourceVersion "1"]
[SourceVersionDate "2021.10.06"]
[SourceQuality "1"]

1. Nf3 f5 2. g3 Nf6 3. Bg2 e6 4. 0-0 d5 5. c4 Bd6 6. b3 0-0 7. Ba3 Qe7 8. Bxd6 cxd6 9. Nc3 dxc4 10. bxc4 e5 11. Rb1 e4 12. Nd4 Nc6 13. Nxc6 bxc6 14. Qa4 Be6 15. d3 d5 16. Qxc6 Rac8 17. Rb7 Rxc6 18. Rxe7 Rf7 19. Rxf7 Kxf7 20. Rb1 dxc4 21. Rb7+ Kf8 22. dxe4 Nxe4 23. Bxe4 fxe4 24. Kf1 Ra6 25. Ke1 Ra5 26. Kd2 Ra3 27. Kc2 Ra5 28. Kb2 Bd5 29. Rb5 Rxb5+ 30. Nxb5 Ke7 31. Kc3 a6 32. Nc7 Bb7 33. Kxc4 Kd6 34. Ne8+ Ke5 35. Kc5 g5 36. a4 e3 37. fxe3 Bc8 38. Nc7 Ke4 39. Kb6 Kxe3 40. Nxa6 Kxe2 41. Nc5 Kf3 42. a5 g4 43. Kc7 1-0